|
|
|
|
| LEADER |
01306nam a22002897a 4500 |
| 001 |
35136 |
| 003 |
BD-DhAAL |
| 005 |
20190820093930.0 |
| 008 |
190808t20162005bg ||||| |||| 00| 0 ben d |
| 999 |
|
|
|c 41017
|d 41017
|
| 020 |
|
|
|a 9840610406
|
| 040 |
|
|
|a BD-DhAAL
|
| 041 |
|
|
|a ben
|
| 082 |
|
|
|a 297.12283054
|2 21
|
| 100 |
|
|
|a রহমান, মাহবুবা
|9 33468
|
| 245 |
|
|
|a কুরআন ও হাদীসের আলোকে নারী /
|c মাহবুবা রহমান
|
| 246 |
|
|
|a Quran o Hadiser aloke narei
|
| 246 |
|
|
|a Women : in the light of the Holy Quran and Hadith
|
| 260 |
|
|
|a ঢাকা :
|b ইসলামিক ফাউন্ডেশন,
|c ২০০৫ [চতুর্থ মুদ্রণ ২০১৬]
|
| 300 |
|
|
|a ৩৩৫ পৃষ্ঠা ;
|b ২২ সে.মি.
|
| 526 |
|
|
|a BIGD
|
| 541 |
|
|
|a ইসলামিক ফাউন্ডেশন
|e 35136
|
| 650 |
|
|
|a Women in the Qurʼan.
|9 33469
|
| 650 |
|
|
|a Women in the Hadith.
|9 33470
|
| 852 |
|
|
|a BRAC Institute of Governance and Development
|c General Stacks
|
| 942 |
|
|
|2 ddc
|c BK
|
| 952 |
|
|
|0 0
|1 0
|2 ddc
|4 0
|6 297_122830540000000_RAH
|7 0
|9 66016
|a IGS
|b IGS
|c GEN
|d 2019-08-08
|e ইসলামিক ফাউন্ডেশন
|g 99.00
|l 0
|o 297.12283054 RAH
|p 3010035136
|r 2019-08-08
|t 1
|v 153.00
|w 2019-08-08
|y BK
|